Responses for Show #2842 - Tuesday, December 31, 1996

Contestants

[<< previous game]

Mario Zaragoza, a writer originally from Chicago, Illinois

Cindy Giddle, a community college professor from Philadelphia, Pennsylvania

Ted Senator, a computer scientist from Bethesda, Maryland (whose 1-day cash winnings total $8,199)

[next game >>]

Jeopardy! Round responses

NOTABLE PHYSICIANS
ODD WORDS
FADS
BIRDS
SWEET SONGS
COUNTIES BY STATE
(I'll give the counties, you identify the state)
    $100 26
(and we have a minute left...)

Declaration of Independence

Mario
    $100 11
Hounds

Mario
    $100 20
Hairstyle

Mario
    $100 16
Eagle

Cindy
    $100 2
"Sweet Georgia Brown"

Cindy
    $100 1
Utah

Cindy
    $200 27
Sigmund Freud

Ted
    $200 12
Halo

Ted
    $200 22
Shirley Temple

Mario
    $200 17
Pelican

Mario
    $200 3
(C: Who is Don Ho?)

Bing Crosby

Cindy
Triple Stumper
    $200 7
Mississippi

Cindy
    $300 28
Anemia

Mario
    $300 13
(T: What is talks?)
(C: What is eats?)
(A: Although eating & talking may be involved as well)

Drinks

TedCindy
Triple Stumper
    $300 23
(T: What is "Have A Nice Day?")

Happy Face

TedMario
    $300 18
Woodpecker

Mario
    $300 4
(M: What is "Sweet Caroline?")

"Sweet Gypsy Rose"

Mario
Triple Stumper
    $300 8
(M: What is Ohio?)

New York

TedMario
    $400 29
Heroin

Mario
    $400 14
Tongue

Mario
    $400 24
Strawberry Shortcake

Mario
    $400 19
Hens

Cindy
    $400 5
The Eurythmics

Cindy
    $400 9
(C: What is Wyoming?)
(T: What is New Mexico?)

Oklahoma

TedCindy
Triple Stumper
    $500 30
(M: Who is Salk?)

Albert Sabin

CindyMario
    $500 15
Yurt

Mario
    $500 25
Stereopticons

Triple Stumper
    $500 21
Barn

Cindy
    $500 6
"How Sweet It Is To Be Loved By You"

Triple Stumper
    $500 10
Virginia

Ted

Scores at the first commercial break (after clue 13):

Ted Cindy Mario
$300 -$100 -$500

Scores at the end of the Jeopardy! Round:

Ted Cindy Mario
$200 $1,400 $2,200

Double Jeopardy! Round responses

SECRETARIES OF STATE
NEWSPAPERS & MAGAZINES
PAINTING & SCULPTURE
1950S SITCOMS
RELIGION
WOMEN AUTHORS
    $200 1
Ulysses S. Grant

Ted
    $200 11
Punch

Cindy
    $200 9
Pastels

Triple Stumper
    $200 26
"(The Adventures Of) Ozzie & Harriet"

Ted
    $200 3
Rosary

Cindy
    $200 4
Beatrix Potter

Cindy
    $400 2
(T: What is Rutgers?)

Princeton

TedMario
    $400 17
Alberta

Mario
    $400 10
Mural

Ted
    $400 27
(and we have a minute to go in the round...)

Ralph Kramden

Cindy
    $400 13
Shinto

Ted
    $400 5
The Cat

Triple Stumper
    $600 14
Warren Christopher

Ted
    $600 18
Reader's Digest

Ted
    $600 12
Terra Cotta

Mario
    $600 28
"Father Knows Best"

Cindy
    $600 21
Quakers

Ted
    $600 6
Edith Wharton

Cindy
    $800 15
Daniel Webster

Triple Stumper
    $800 19
Bruce Catton

Triple Stumper
    $800 24
(Ted: What is enamel?)

tempera

TedCindy
    $100 29
(Cindy: What is The Shadow?)

Topper

Cindy
    $1,000 22
Islam

Ted
    $800 7
Colleen McCullough

Cindy
    $1000 16
James G. Blaine

Triple Stumper
    $1000 20
George Plimpton

Mario
    $1000 25
Kachinas

Mario
    $1000 30
Richard Crenna

Triple Stumper
    $1000 23
(T: What is the Bhavagad-Vita?)

Vedas

Ted
Triple Stumper
    $1000 8
(A: Well done in the category!)

Virginia Woolf

Cindy

Scores at the end of the Double Jeopardy! Round:

Ted Cindy Mario
$2,000 $6,100 $5,600

[wagering suggestions for these scores]

Final Jeopardy! Round responses

THE DEMOCRATIC NATIONAL CONVENTION
(Alex: How quickly we forget!)
(Alex: Now a California state senator.)
TedWho is Tom Hayden?
$999
MarioWho is Clinton?
$1,000
CindyWho is Tom Hayden?
$5,101
Tom Hayden

Final scores:

Ted Cindy Mario
$2,999 $11,201 $4,600
3rd place: Panasonic Palmcorder Camcorder New champion: $11,201 2nd place: Trip to New York City for New Year's

Game dynamics:

Coryat scores:

Ted Cindy Mario
$1,800 $6,200 $5,600
12 R
(including 2 DDs),
6 W
17 R,
4 W
(including 1 DD)
17 R,
3 W

Combined Coryat: $13,600

[game clues] [game scores] [suggest correction]

Game tape date: 1996-10-24
The J! Archive is created by fans, for fans. Scraping, republication, monetization, and malicious use prohibited; this site may use cookies and collect identifying information. See terms. The Jeopardy! game show and all elements thereof, including but not limited to copyright and trademark thereto, are the property of Jeopardy Productions, Inc. and are protected under law. This website is not affiliated with, sponsored by, or operated by Jeopardy Productions, Inc. Join the discussion at JBoard.tv.